| 000 | 00502nam a2200193Ia 4500 | ||
|---|---|---|---|
| 005 | 20250326144118.0 | ||
| 008 | 250326s9999 xx 000 0 und d | ||
| 037 | _aTextbook | ||
| 040 |
_aFMSL _beng _cFMSL |
||
| 041 |
_aeng _2eng |
||
| 084 |
_aO1113 P8 _qFMSL |
||
| 100 | _aBhagat Chetan | ||
| 245 | 0 |
_a3 Mistakes of my life _cBhagat Chetan |
|
| 260 |
_aNew Delhi _bNew Delhi, Rupa _c2008 |
||
| 365 | _b95 | ||
| 650 | _aNovel | ||
| 942 |
_cTB _hO1113 P8 |
||
| 999 |
_c1302401 _d1302401 |
||